Pays avec le plus de milliardaires - Statistiques

Statistiques générales
  • Ce quiz a été pris 65 fois
  • Le résultat moyen est 6 sur 7
Statistiques - réponses
Hint Réponse % Correct
813 USA
97%
406 Chine
92%
120 Russie
85%
104 Royaume uni
79%
126 Allemagne
77%
200 Inde
76%
97 Suisse
65%
Aucun quiz correspondant
Distribution des résultats
% des personnes avec chaque résultat
Percentile par nombre de réponses
Votre historique - résultats
Vous n’avez pas pris ce quiz